[Event "Gibraltar Masters 15th"]
[Site "Caleta"]
[Date "2017.02.02"]
[Round "10"]
[White "Yu, Yangyi"]
[Black "Ju, Wenjun"]
[Result "1-0"]
[WhiteElo "2738"]
[BlackElo "2583"]
[Annotator "Sadorra,J"]
[PlyCount "75"]
[EventDate "2017.01.24"]
[EventType "swiss"]
[EventRounds "10"]
[EventCountry "GGB"]
[SourceTitle "CBM 177"]
[Source "ChessBase"]
[SourceDate "2017.03.16"]
[SourceVersion "1"]
[SourceVersionDate "2017.03.16"]
[SourceQuality "1"]

1. e4 e6 2. d4 d5 3. e5 c5 4. c3 Nc6 5. Nf3 Qb6 6. a3 Bd7 7. Be2 Nge7 ({
A more accurate way to reach the mainline is} 7... Nh6 {now the line played in
the game} 8. dxc5 $2 {doesn't work after} (8. Bxh6 Qxb2 $1) (8. b4 cxd4 9. cxd4
Nf5 {leads to the mainline as will be discussed below.}) 8... Bxc5 9. O-O Ng4
$17) 8. dxc5 $5 ({One of the popular mainlines in the French Advance is
reached after} 8. b4 cxd4 9. cxd4 Nf5 {and now White has two common replies:}
10. Bb2 (10. Be3 f6) 10... Be7 {and Black is holding his own here in practice.}
(10... h5 $5) 11. O-O (11. g4 Nh4 12. Nxh4 Bxh4 $15) (11. h4 O-O 12. g4 Nh6 13.
g5 Nf5 14. Nc3 Na5 $36) 11... h5 $1 $36 {[%cal Gg7g5] This type of game is
most probably what Wenjun was hoping to achieve.} 12. Qd2 g5 13. Rd1 Rc8 14.
Bc3 a6 15. Ne1 g4 (15... f6 $5 16. Nc2 fxe5 17. dxe5 g4 $15) 16. Nc2 Rg8 {
0-1 (36) Mokshanov,A (2470)-Yogesh,G (2269) Moscow 2016}) 8... Qxc5 $6 {
A natural reply, but one that allows White to easily apply pressure on Black's
position. Wenjun was most probably surprised by Yangyi's 8 dxc5 making it
difficult for her to find the best continuations over the board.} ({A better
reply is} 8... Qc7 {after which} 9. b4 Nxe5 10. Nxe5 Qxe5 11. O-O {leads to a
complex middlegame, where the player that's more familiar with correct plans
and ideas will likely succeed.}) 9. b4 $1 $146 ({The only move seen here
before was} 9. Be3 {when Black seizes the initiative after} Qa5 10. O-O Ng6 11.
Bd4 Nxd4 12. cxd4 Nf4 $15) 9... Qb6 10. c4 $1 {Yangyi follows up with
energetic moves, otherwise Black simply develops and attacks White's e5-pawn.}
Qc7 (10... dxc4 11. Nbd2 $1 Nd5 12. Nxc4 $36) 11. cxd5 Nxd5 12. Bb2 {the
position has stabilised and White has an easier position to play owing to his
having more space.} Nf4 ({If Black continues normally, White maintains a nice
advantage in space but it's probably best to continue this way:} 12... Be7 13.
O-O O-O 14. Qd2 (14. Bd3 Rfd8 15. Qc2 g6 16. Nc3 Nxc3 17. Qxc3 Rac8 18. Rac1
Qb8 $11) (14. Nc3 Nxc3 15. Bxc3 Rfd8 16. Qc2 a6 $11 (16... a5 $6 {doesn't
achieve much} 17. b5 Nb4 18. Qb2 Nd5 19. Bd4 $14 Nf4 20. a4 {with still a nice
space advantage.})) 14... Rfd8 15. Rc1 $5 a6 16. Nc3 Be8 $14 {but Black can
hold this with accurate play.}) 13. O-O Ne7 $6 {Black comes up with a creative
way to re-organize her pieces but it's also very risky as it neglects
development.} 14. Nc3 Neg6 $2 (14... Bc6 15. Nb5 Nxe2+ 16. Qxe2 Bxb5 17. Qxb5+
Qd7 18. Qxd7+ Kxd7 19. Ng5 {isn't what Black signed up for.}) (14... Nf5 $1 {
is probably the best way to justify Black's idea as it White has to be careful
to avoid tricky ideas.} 15. Rc1 (15. Nb5 Qc6 16. Nbd4 Nxd4 17. Bxd4 Be7 $11)
15... Qb6 16. Qd2 (16. Na4 $4 Nxe2+ 17. Qxe2 Bxa4) (16. g3 $2 Nh3+ 17. Kg2 Nxf2
$17) (16. Ne4 Nxe2+ 17. Qxe2 Bb5) 16... Nxe2+ 17. Qxe2 Be7 18. Rfd1 Bc6 $14 {
White is objectively better, but Black still has chances to equalise if White
fails to strike at the right time.} 19. g4 $1 {the only way to maintain the
edge} Bxf3 20. Qxf3 Nh4 21. Qe2 $14) 15. Rc1 $1 {Simple and good.} (15. g3 $142
$1 Nxe2+ (15... Nh3+ 16. Kg2 Nhf4+ {was Yangyi concerned with this idea? In
any case, let's check if Black has something real here:} 17. gxf4 Nxf4+ 18. Kh1
Bc6 19. b5 $1 (19. Qd2 {also works} Qxe5 20. b5 $1 $18) 19... Rd8 20. Qb3 Nxe2
21. bxc6 $18) 16. Qxe2 Bc6 (16... Be7 17. h4 $1 {a typical idea in the Advance
whenever there's a knight on g6.} h5 18. Rac1 Bc6 19. Nb5 Qb6 20. Nd6+ $16 Bxd6
21. exd6 Bb5 22. d7+ $1 Ke7 23. Qd2 Bxf1 24. Bd4 Qa6 25. Bc5+ Kd8 26. Rxf1 $18
{[%csl Rd8][%cal Gf3g5,Gd2g5,Gf1d1,Gd1d7]}) 17. Nb5 Qb6 18. Nfd4 $16 {
Unfortunately, Black cannot exploit the weakened light squares around the
white king.} Bd5 (18... Bxb5 19. Qxb5+ Qxb5 20. Nxb5 $16) 19. Rac1 $40 {
with a strong attack!}) 15... Nxe2+ 16. Qxe2 Qb6 (16... Bc6 17. Ne4 Qb6 18.
Nfd2 $16 {[%csl Gd6][%cal Gd2c4,Ge4d6,Gc4d6]}) 17. Rfd1 $16 {The turn of
events showed that Black's attempt to achieve counterplay through active piece
play has failed.} Be7 18. g3 $1 {restricting the knight on g6.} Bc6 19. Nd4 O-O
20. Nxc6 bxc6 21. h4 $1 {Black is strategically lost. White has all the play
on both sides of the board while Black has no counterplay. Yu Yangyi gives a
lesson in domination and technique for the rest of the game.} Rfd8 22. h5 Nf8
23. h6 g6 24. Ne4 Rd5 25. Qf3 Nd7 26. Nd6 Rf8 27. Rxd5 $1 {Perfect time to
change the structure.} exd5 (27... cxd5 28. Nc8 Qd8 29. Nxe7+ Qxe7 30. Rc7 $18)
28. Qg4 Qc7 ({If} 28... Nb8 {Yangyi was most probably planning} 29. Nf5 Bd8 (
29... Qc7 30. Nxe7+ Qxe7 31. Qd4 $18) 30. Re1 $18 {[%cal Ge5e6]} (30. e6 $5
fxe6 31. Nd4 $18)) 29. Qd4 {[%csl Gd4][%cal Gd4a7,Gd4g7] Just look at the
powerful queen!} Nb6 30. b5 {Black can already resign after this. Wenjun plays
a few more moves to see if there's any chance for White to go wrong but Yangyi
plays excellently till the end!} Nc4 31. e6 f6 32. Nxc4 dxc4 33. Qxc4 c5 34.
Rd1 Rd8 35. Rd7 $1 Rxd7 36. exd7+ Kf8 37. Qd5 $1 {Another dominating move!} Qb6
(37... c4 38. Bc3 $18 {[%csl Rd8,Rf8][%cal Gc3b4,Gd7d8,Gb4f8]}) 38. a4 {
Black cannot stop White's plan to march down the queenside pawns, thus, she
resigns. A powerful display by Yu Yangyi on how to exploit White's space
advantage in the Advance French.} 1-0

[Event "Grenke Chess Classic 5th"]
[Site "Karlsruhe/Baden-Baden"]
[Date "2018.04.01"]
[Round "2"]
[White "Vitiugov, Nikita"]
[Black "Meier, Georg"]
[Result "1-0"]
[WhiteElo "2735"]
[BlackElo "2648"]
[Annotator "Sadorra,J"]
[PlyCount "77"]
[EventDate "2018.03.31"]
[EventType "tourn"]
[EventRounds "9"]
[EventCountry "GER"]
[EventCategory "20"]
[SourceTitle "CBM 184"]
[Source "ChessBase"]
[SourceDate "2018.05.16"]
[SourceVersion "1"]
[SourceVersionDate "2018.05.16"]
[SourceQuality "1"]

1. e4 e6 2. d4 d5 3. e5 c5 4. c3 Nc6 5. Nf3 Qb6 6. a3 Nh6 7. b4 cxd4 8. b5 $5 {
This move must have come as a surprise to the French opening expert.} ({
The main continuations here are} 8. Bxh6 gxh6 9. cxd4 ({Trying to reach the
game position with} 9. b5 {doesn't work due to} Ne7 $1 10. cxd4 Bd7 11. a4 Nf5
$15 {now the knight is better placed here than on a5.})) ({And} 8. cxd4 Nf5 9.
Be3 (9. Bb2)) 8... Na5 9. Bxh6 $1 $146 {A logical follow-up to the previous
move. The main idea of this novelty is to quickly eliminate Black's
counterplay which usually comes from his active pieces that exert pressure on
the centre, particularly d4.} gxh6 10. cxd4 {This position has actually
already occurred in one correspondence game.} Bd7 11. Nbd2 Rc8 12. a4 $1 {
This is Vitiugov's team's improvement over the corr game. While the position
is still balanced, it seems easier to play for White in a practical game due
to his space and targets on the kingside.} (12. Rc1 $6 Bxa3 (12... Rxc1 $1 13.
Qxc1 Be7 14. a4 O-O $15) 13. Rxc8+ Bxc8 14. Bd3 Bd7 15. Qa4 Be7 16. O-O $44 {
0-1 (56) Kover,W (2229)-Rinaldi,C (2394) ICCF email 2007}) 12... Qc7 $6 {
Meier wants to give White some problems but he actually underestimates White's
resources.} ({Another possible continuation here is} 12... Bb4 13. Bd3 (13. Rc1
O-O $11) 13... Bc3 14. Rc1 Bxd4 15. Rxc8+ Bxc8 16. O-O $13) ({Another typical
French sequence is} 12... Bg7 13. Bd3 O-O 14. O-O f6 $6 {this doesn't work due
to lack of resources to fight for control over the key e5-square} 15. exf6 Bxf6
16. Ne5 Bxe5 (16... Be8 17. Ndf3 Nc4 18. Rc1 $16) 17. dxe5 Qd4 (17... Kh8 18.
Qg4 $1 Rg8 19. Qh4 $36) 18. Nf3 Qf4 19. Rc1 $14) 13. Bd3 ({If White respects
Black's idea too much, then Black can have an easy game after} 13. Be2 Qc2 ({Or
} 13... Bb4 14. O-O Qc2 $11) 14. O-O Qxd1 15. Rfxd1 Be7 $11) 13... Qc3 {
This is the logical follow-up to the previous move.} 14. Ke2 $1 Be7 (14... Ba3
{will be met by} 15. Ra2 $1 {and White will take over the c-file. White can
eventually increase his advantage in the ending using his space and Black's
weaknesses.} Bb4 16. Rc2 Qa3 17. Rxc8+ Bxc8 18. Qc1 $1 Bd7 19. Qxa3 Bxa3 20.
Ra1 Bb4 21. Nf1 $14 (21. Rb1 Ba3 22. Nb3 Nxb3 23. Rxb3 Be7 24. Rc3 Bd8 25. Ke3
$14)) 15. Rc1 {Simple chess. White trades off Black's active pieces.} Qxc1 16.
Qxc1 Rxc1 17. Rxc1 $14 {Black's position is riddled with problems: he lacks
space, his knight on a5 is passively placed and he has kingside weaknesses.
His hope is to open up the position for his bishops and gain counterplay in
the future.} Bd8 (17... f6 18. exf6 Bxf6 19. Ne5 Bxe5 20. dxe5 Ke7 21. f4 h5
22. Nf3 h6 23. g3 $16) 18. Nf1 {Vitiugov want to bring a knight to f6 via h5
and g3.} ({Another way to do it is to use the other knight:} 18. Ke3 Bb6 19.
Ng1 Ke7 20. Ne2 a6 $1 21. Ng3 (21. bxa6 $5 bxa6 22. Bxa6 Bxa4 23. Bd3 f6 24.
exf6+ Kxf6 25. f4 h5 26. Nf3 h6 27. Ne5 $14) 21... axb5 22. axb5 f6 23. exf6+
Kxf6 24. f4 $14) 18... Bb6 19. Rc3 Ke7 20. Ng3 a6 $1 21. Ke3 axb5 22. axb5 Nc4+
$2 ({It was better to be patient with} 22... Ra8 {but Meier most probably
didn't like his knight to be restricted again after} 23. Nd2 (23. Bxh7 Nc4+ 24.
Kf4 Bxb5 $17) 23... f6 24. exf6+ Kxf6 25. f4 Ke7 {and even though White may
still have an edge, Black has enough resources to hold with accurate play.})
23. Bxc4 Rc8 24. Nd2 Ba5 {This is the idea that Meier was counting on before
playing the knight to c4.} 25. Rc2 dxc4 {Unfortunately, he missed or
underestimated the strength of Vitiugov's next move:} 26. Nge4 $1 c3 (26...
Bxb5 27. Nd6 $18) (26... Bb4 27. Nb1 $1 Bxb5 28. Rb2 c3 29. Nbxc3 Bxc3 30. Rxb5
$18) 27. Nb1 $1 {White now wins a pawn for nothing.} Rg8 (27... Bb4 28. Nbxc3
Bxb5 (28... Kd8 29. Kd3 $18) 29. Rb2 $18) 28. Nbxc3 Rxg2 29. Nd6 $1 $18 {
Simple and effective. Vitiugov uses outposts to activate his knights and
create threats.} ({Another interesting way to convert the advantage is} 29. d5
$5 Bb6+ 30. Kf3 Rxh2 31. d6+ Kd8 32. Ra2 $1 {with a decisive attack against
the Black king.}) 29... Rxh2 (29... b6 30. Nce4 Rxh2 31. Nf6 $18 {[%csl Ra5,
Rd7,Re7][%cal Gc2c7,Rc7d7,Rd7e7]}) 30. Nxb7 Bb6 31. Nc5 h5 (31... Be8 32. Ra2
$18 {and the rook invasion will be decisive.}) 32. Nxd7 {White removes a
defender and goes to a simpler ending.} Kxd7 33. Ne4 h4 {Black doesn't have
any choice but to use his passed pawn as a distraction.} 34. Rc6 Bd8 35. Nc5+
Ke8 36. b6 Rh1 37. b7 h3 (37... Rb1 38. Rc8) 38. b8=Q {White wins the race.} h2
39. Rc8 {with mate coming in the next few moves, Black resigned.} 1-0

[Event "Lopota FIDE GP (Women)"]
[Site "Lopota"]
[Date "2014.06.22"]
[Round "4"]
[White "Muminova, Nafisa"]
[Black "Harika, Dronavalli"]
[Result "0-1"]
[WhiteElo "2332"]
[BlackElo "2503"]
[Annotator "Schulz,Andre"]
[PlyCount "58"]
[EventDate "2014.06.19"]
[EventType "tourn"]
[EventRounds "11"]
[EventCountry "GEO"]
[EventCategory "11"]
[SourceTitle "CBM 161 Extra"]
[Source "ChessBase"]
[SourceDate "2014.08.29"]
[SourceVersion "1"]
[SourceVersionDate "2014.08.29"]
[SourceQuality "1"]

1. e4 e6 2. d4 d5 3. e5 c5 4. c3 Qb6 5. Nf3 Nc6 6. a3 Nge7 ({Andere beliebte
Möglichkeiten sind} 6... Bd7 7. b4 cxd4 8. cxd4 Rc8 9. Bb2 Na5 (9... Nh6 10.
Nc3 Nf5)) ({oder die Hauptvariante} 6... c4) 7. b4 ({Prinzipieller ist hier} 7.
dxc5 $5 Qxc5 {und nun war Weiß mit einer Reihe von Zügen erfolgreich} 8. Be3
(8. Bd3) (8. b4)) 7... cxd4 8. cxd4 Nf5 9. Be3 ({Die Alternative war wieder} 9.
Bb2) 9... f6 $5 ({Oder} 9... Bd7 {z.B.:} 10. Bd3 Nxe3 11. fxe3 g6 12. Nc3 Nxb4
13. axb4 Bxb4 14. O-O Bxc3 15. Rc1 Rc8 16. Ng5 O-O 17. Qg4 Bd2 18. Qh3 h5 19.
Rxc8 Bxc8 20. Qf3 Qd8 21. Nxf7 Bxe3+ 22. Kh1 Qh4 23. Bxg6 Bg5 24. Bh7+ {
1-0 (24) Caruana,F (2773)-Vallejo Pons,F (2697) Sao Paulo/Bilbao 2012}) 10. Bd3
({Besser ist} 10. exf6 gxf6 11. Bd3) 10... Nxe3 11. fxe3 fxe5 12. b5 Nxd4 13.
exd4 e4 14. O-O $2 {Das ist schon der Verlustzug. Wegen der Schwäche von d4
bricht die weiße Stellung nun sofort auseinander.} ({Richtig ist} 14. Bxe4
dxe4 15. Ne5 Bd7 16. O-O O-O-O (16... Rc8 $5) 17. Nc3 Bc5 18. Na4 Bxd4+ 19. Kh1
Qd6 20. Nf7 Qd5 21. Nxh8 Rxh8 22. Nc3 Bxc3 23. Qc2 Qd2 24. Rac1 Qxc2 25. Rxc2
Bxb5 26. Rf7 Rd8 27. Rxc3+ Bc6 28. Kg1 Rd1+ 29. Kf2 Rd2+ 30. Ke1 Rxg2 31. Rg3
Be8 32. Rc3+ Bc6 33. Rg3 Be8 {1/2-1/2 (33) Potkin,V (2522)-Filippov,V (2627)
Togliatti 2003}) 14... exf3 15. Rf2 (15. Rxf3 $2 Qxd4+ $19 {und der Turm a1
fällt.}) 15... Be7 ({Verteidgt den Bauern d4.} 15... Qxd4 $4 16. Bg6+) 16. Nd2
Qxd4 17. Nxf3 Qe3 18. Kf1 O-O 19. Qb1 Qh6 ({Vielleicht noch besser in der
anderen Reihenfolge:} 19... Bc5 20. Raa2 Qh6 $19) 20. Qc2 Bd8 21. Ke1 {
Mysteriöse Königswanderung.} Bd7 22. Kd1 Rc8 23. Qb3 Bf6 24. Raa2 Rc1+ 25.
Ke2 d4 26. Nxd4 Bxd4 27. Bxh7+ Kxh7 28. Qd3+ Rf5 29. Rxf5 exf5 (29... exf5 30.
Qxd4 Bxb5+ 31. Kf2 Rf1+ 32. Kg3 Qg5+ 33. Kh3 Rf3+ 34. gxf3 Bf1+ 35. Rg2 Bxg2#)
0-1

[Event "Edmonton 11th"]
[Site "Edmonton"]
[Date "2016.06.18"]
[Round "1"]
[White "Shirov, Alexei"]
[Black "Wang, Richard"]
[Result "1-0"]
[WhiteElo "2682"]
[BlackElo "2341"]
[Annotator "Schulz,Andre"]
[PlyCount "47"]
[EventDate "2016.06.18"]
[EventType "tourn"]
[EventRounds "9"]
[EventCountry "CAN"]
[EventCategory "9"]
[SourceTitle "CBM 173 Extra"]
[Source "ChessBase"]
[SourceDate "2016.08.29"]
[SourceVersion "1"]
[SourceVersionDate "2016.08.29"]
[SourceQuality "1"]

1. e4 e6 2. d4 d5 3. e5 c5 4. c3 Nc6 5. Nf3 Qb6 6. a3 Nh6 7. b4 cxd4 8. Bxh6 ({
"Mainstream" ist} 8. cxd4 Nf5 9. Bb2) 8... gxh6 9. cxd4 Bd7 10. Ra2 Rg8 {
Shirov hatte diese Variante schom mehrmals auf dem Brett.} 11. g3 (11. h3 h5
12. g3 h4 13. g4 Be7 14. Be2 f6 15. b5 Nd8 16. Qd3 Rg7 17. Nc3 Nf7 18. O-O h5
19. Na4 Qd8 20. exf6 Bxf6 21. Nc5 hxg4 22. hxg4 b6 23. Nxd7 Qxd7 24. Kh1 Rc8
25. Rc2 Rxc2 26. Qxc2 Nd6 27. Ne5 Bxe5 28. dxe5 Ne4 29. Kg2 Nc5 30. Rh1 Qe7 31.
Qc1 Rh7 32. Qe3 Qg7 33. Rc1 Qf8 34. a4 Rf7 35. f3 Rf4 36. Rxc5 bxc5 37. a5 h3+
38. Kg3 h2 {0-1 (38) Shirov,A (2684)-Nakamura,H (2787) Zuerich 2016}) 11... Rg4
12. Rd2 Nxb4 (12... a5 13. b5 Re4+ 14. Be2 Qxb5 15. O-O Qb6 16. Bd3 Rg4 17.
Bxh7 a4 18. Bc2 Qa5 19. Ne1 Rg7 20. Ng2 b5 21. Nf4 b4 22. Nh5 bxa3 23. Nxa3
Bxa3 24. Nxg7+ Kd8 25. Rd3 Bf8 26. Rf3 Bxg7 27. Rxf7 Bh8 28. Qg4 a3 29. Rh7 a2
30. Qg8+ Kc7 31. Qxe6 Rd8 32. Ra1 Nxd4 33. Qd6+ Kc8 34. Bd3 Nb5 35. Rc1+ Nc7
36. Rxd7 Rxd7 37. Ba6+ Kb8 38. Qxd7 Qxa6 39. Qxc7+ Ka8 40. Qd8+ {1-0 (40)
Shirov,A (2691)-Szelag,M (2456) Germany 2015}) 13. axb4 Bxb4 {Immer noch alles
"Theorie". Schwarz hat das sicher so gegen den lettischen Spitzenspieler
vorbereitet.} 14. Bd3 {Shirovs Verbesserung.} (14. Be2 Bxd2+ 15. Nbxd2 Rxd4 $2
(15... Qb2 $11) 16. Nxd4 Qxd4 17. O-O a5 18. Qc2 Rc8 19. Qa2 Qxe5 20. Nf3 Qe4
21. Bd1 a4 22. Re1 Qb4 23. Be2 Rc3 24. Qd2 Rb3 25. Qc1 a3 26. Ne5 a2 27. Kg2
Qc3 28. Qf4 f5 29. Bh5+ Kd8 30. Nf7+ Kc8 31. Nd6+ Kb8 32. Nb5+ e5 33. Rxe5 {
0-1 (33) Grischuk,A (2792)-Caruana,F (2791) Dubai 2014}) 14... Bb5 15. O-O Bxd2
16. Qxd2 Rc8 17. Na3 Bxd3 18. Qxd3 a6 19. Rb1 Qc7 20. Qxh7 b5 (20... Qc3 21.
Rxb7 $18) 21. Kg2 {[#] Materiell ist die Partie ausgeglichen, aber dem
schwarzen Lager fehlt die Koordination - der Tg4 ist derzeit noch verprengt.
Vor allem steht aber der König unsicher. Der letzte weiße Zug stellt auch
eine Falle.} Qc3 $2 {Nun kann der Sa3 nicht mehr gedeckt werden, aber...} ({
Besser} 21... Qe7) 22. Rxb5 $1 Qxa3 (22... axb5 23. Nxb5 Qc2 24. Nd6+ Kd8 25.
Qxf7 $18 {mit den Drohungen Sb7# und Dxe6.}) 23. Rb7 Qf8 {Alles unter
Kontrolle?} 24. Qd3 {Schwarz kann fast nichts ziehen und es droht zum Beispiel
Dxa6 und Db5.} 1-0

[Event "Hasselbacken op"]
[Site "Stockholm"]
[Date "2016.05.02"]
[Round "3"]
[White "Shirov, Alexei"]
[Black "Akesson, Ralf"]
[Result "1-0"]
[WhiteElo "2686"]
[BlackElo "2452"]
[Annotator "Shirov,A"]
[PlyCount "67"]
[EventDate "2016.04.30"]
[EventType "swiss"]
[EventRounds "9"]
[EventCountry "SWE"]
[SourceTitle "CBM 172 Extra"]
[Source "ChessBase"]
[SourceDate "2016.06.21"]
[SourceVersion "1"]
[SourceVersionDate "2016.06.21"]
[SourceQuality "1"]

{Die Kommentare basieren auf Shirovs Bemerkungen in der Pressekonferenz nach
der Partie.} 1. e4 e6 2. d4 d5 3. e5 c5 4. c3 Nc6 5. Nf3 Bd7 6. Be2 Nge7 7. O-O
Ng6 8. g3 Be7 9. h4 cxd4 10. cxd4 O-O 11. h5 Nh8 12. h6 g6 {Mehr oder weniger
forciert das Sg6 hxg7 zu einer gefährlichen Schwächung der Königsstellung
geführt hätte.} 13. Nc3 f6 14. exf6 Bxf6 15. Bf4 Nf7 16. Qd2 g5 17. Be3 Kh8 ({
Shirov investierte hier annähernd 20 Minuten, er fürchtete zuerst} 17... Nxh6 {
bis er letztlich realisierte, dass er über einen wichtigen Trick verfügt:} 18.
Nxg5 $1 Nxd4 19. Nxe6 $1 {und nach} Nxe6 20. Bxh6 {ist das Material zwar
ausgeglichen, doch Weiß steht dank besserer Königsstellung gut}) 18. Kg2 Rg8
19. Rh1 Qe7 20. g4 Raf8 {möglicherweise nicht das Präziseste} (20... Nd6 $142)
({Falls} 20... Rad8 {mit der Idee Lc8 (um den d5 zu decken) und daraufhin ...
e5 durchzusetzen hatte Shirov} 21. Rae1 Bc8 22. Bd1 $1 {mit fiesen Abzügen
gegen die schwarze Dame, sollte Schwarz e5 spielen.}) 21. Rh3 Nd6 22. Bd3 Be8
23. Re1 Qd8 24. Ne5 Qc7 25. Rf3 $2 Nxe5 26. dxe5 Bxe5 27. Bxa7 {Shirov
erklärte, dass er hier zuversichtlich war, dass das Qualitätsopfer sehr stark
ist und er mit den konkreten Varianten zufrieden war.} (27. Rxf8 Rxf8 28. Bxg5
Nf7 29. Bh4 $1 {und falls} Bf4 $2 {ist} 30. Bf6+ Kg8 31. Bxh7+ $3 {Matt!} Kxh7
32. Qd3+ Kg8 (32... Kxh6 33. Rh1+) 33. h7#) 27... Rxf3 {mehr oder weniger
forciert} 28. Rxe5 $1 {dies war die weiße Idee: er plant nun das tödliche
versteckte Schach Ld4} Rf4 29. Rxe6 (29. Qxf4 {funktioniert nicht, da} gxf4 30.
Bd4 Rxg4+ {Schach ist}) 29... Bc6 ({Ideen mit} 29... b6 {funktionieren nicht,
da} 30. Qe2 {De5# droht} Ne4 31. Bxb6 {und der Läufer mit tödlichem Effekt am
Leben bleibt.}) ({sogar hier erlaubt} 29... Rxg4+ 30. Kf1 Bh5 {einen Zug wie}
31. Qe2 {nur um zu zeigen, wie groß die schwarzen Probleme sind. Nach} Rg1+ 32.
Kxg1 Bxe2 {wirft Weiß} 33. Bd4+ {ein und die Partie ist entschieden.}) 30. Qxf4
{Spektakulär und entscheidend} d4+ (30... gxf4 {ändert wenig} 31. Bd4+ Rg7 32.
hxg7+ Kg8 33. Rh6 $1 {droht Lxh7, also} Ne4 34. Nxe4 dxe4 35. Bc4+) 31. Kg1
gxf4 32. Bxd4+ Rg7 33. hxg7+ Kg8 34. Rxd6 1-0